La neuroglia de los vertebrados (Registro nro. 164394)

Detalles MARC
000 -LEADER
campo de control de longitud fija 00910nam a2200193 i 4500
001 - NÚMERO DE CONTROL
campo de control 164394
003 - IDENTIFICADOR DE NÚMERO DE CONTROL
campo de control ES-MaACL
005 - FECHA Y HORA DE LA ÚLTIMA TRANSACCIÓN
campo de control 20230906212928.0
008 - DATOS DE LONGITUD FIJA--INFORMACIÓN GENERAL
campo de control de longitud fija 931025s1894 sp a |||| | spa d
100 1# - ENTRADA PRINCIPAL--NOMBRE DE PERSONA
Nombre de persona Sala y Pons, Claudio.
9 (RLIN) 101680
245 13 - MENCIÓN DEL TÍTULO
Título La neuroglia de los vertebrados
Resto del título : estudios de histología comparada: tesis del doctorado. /
Mención de responsabilidad, etc. por Claudio Sala y Pons, Madrid, junio 1894.
260 ## - PUBLICACIÓN, DISTRIBUCIÓN, ETC.
Lugar de publicación, distribución, etc. Barcelona :
Nombre del editor, distribuidor, etc. [s.n.],
Fecha de publicación, distribución, etc. 1894 (
Fabricante Imp. de la Casa Provincial de Caridad)
300 ## - DESCRIPCIÓN FÍSICA
Extensión 44 p. :
Otras características físicas il. ;
Dimensiones 23 cm.
530 ## - NOTA DISPONIBLE DE FORMULARIO FÍSICO ADICIONAL
Nota de formato físico adicional disponible Disponible en formato digital.
594 #1 - Nota al título y mención de responsabilidad
Nota al título y mención de responsabilidad Tesis Univ. Complutense. Madrid.
650 #4 - PUNTO DE ACCESO ADICIONAL DE MATERIA--TÉRMINO DE MATERIA
Término de materia o nombre geográfico como elemento de entrada Neuroglia.
9 (RLIN) 154240
852 ## - LOCALIZACIÓN
Ubicación ES-MaACL
Número de control de estantería T-1046-F-17
Nota libre -- Enc. hol., conservando la cub. original
-- -- Enc. en un vol. facticio
856 ## - LOCALIZACIÓN Y ACCESO ELECTRÓNICOS
Identificador Uniforme de Recursos <a href="http://bibliotecadigitalhispanica.bne.es:80/webclient/DeliveryManager?pid=1832876&custom_att_2=simple_viewer">http://bibliotecadigitalhispanica.bne.es:80/webclient/DeliveryManager?pid=1832876&custom_att_2=simple_viewer</a>
Nota pública Biblioteca Digital Hispánica
Existencias
Estatus retirado Estado de pérdida Estado de daño No para préstamo Colección Biblioteca de origen Biblioteca actual Ubicación en estantería Fecha de adquisición Total de préstamos Signatura topográfica completa Código de barras Visto por última vez Precio de reemplazo Tipo de ítem Koha
        Colección de folletos Biblioteca del Ateneo de Madrid Biblioteca del Ateneo de Madrid Depósito folletos 17/01/2008   T-1046-F-17 1172312 23/02/2023 23/02/2023 Folleto